| 000 | 01026cab a22002295a 4500 | ||
|---|---|---|---|
| 001 | L149484 | ||
| 008 | 100308e20100306xxk 000 0 eng d | ||
| 035 | _a(Sirsi) u149484 | ||
| 041 | 0 | _aeng | |
| 100 | 1 | _aPilkington, Lisa | |
| 245 | 0 | 0 | _aFocus East Midlands |
| 260 | _c2010 | ||
| 490 |
_aEstates Gazette _v(1009) 6 March 2010, 111-133(17) |
||
| 520 | _aWaheed Nazir, Birmingham City Council Director of Regeneration outlines Birmingham's Big City Plan. Reviews current regeneration projects in Birmingham, Coventry and the Black Country and the role of urban regeneration companies. Property firms are using social media such as Facebook and Twitter to boost business from promoting schemes to attracting staff. Assesses how the property market in West Midlands is bearing up post recesssion in 2010. | ||
| 590 | _aKA | ||
| 651 | 4 |
_aEngland _y886- |
|
| 690 | _aPROPERTY-COMMERCIAL PROPERTY-COMMERCIAL PROPERTY MARKET | ||
| 700 | 1 | _aThame, David | |
| 700 | 1 | _aParr, Lauren | |
| 700 | 1 | _aJacobs, Kurt | |
| 942 | _n0 | ||
| 999 |
_c82181 _d82181 |
||